Konzulárna služba a jej perspektívy na začiatku 21. storočia

Analýza základných funkcií a úloh konzulárnej služby v súčasnej diplomatickej praxi štátu a náčrt ich budúcich perspektív a ich význam v kontexte vplyvu globalizácie, ale aj európskeho integračného procesu.

Gespeichert in:
Bibliographische Detailangaben
1. Verfasser: Pajtinka, Erik
Format: Buchkapitel
Sprache:Slowakisch
Schlagworte:
Tags: Tag hinzufügen
Keine Tags, Fügen Sie das erste Tag hinzu!

MARC

LEADER 00000naa a2200000 4500
001 0120956
005 20240502072355.0
041 0 |a slo 
044 |a SK 
245 1 0 |a Konzulárna služba a jej perspektívy na začiatku 21. storočia  |c Erik Pajtinka 
520 |a Analýza základných funkcií a úloh konzulárnej služby v súčasnej diplomatickej praxi štátu a náčrt ich budúcich perspektív a ich význam v kontexte vplyvu globalizácie, ale aj európskeho integračného procesu. 
610 2 0 |a diplomacia 
610 2 0 |a integrácia ekonomická medzinárodná 
610 2 0 |a história 
610 2 0 |a diplomati 
610 2 0 |a vzťahy hospodárske vonkajšie 
100 1 |a Pajtinka, Erik